| 000 | 01105 a2200325 4500 | ||
|---|---|---|---|
| 003 | Nust | ||
| 005 | 20170207154052.0 | ||
| 010 | _a 2008028070 | ||
| 020 | _a0-470-39853-1 (cloth) | ||
| 020 | _a978-0-470-39853-1 (cloth) | ||
| 035 | _a(OCoLC)233484841 | ||
| 035 | _a(OCoLC)ocn233484841 | ||
| 040 | _cNust | ||
| 082 | 0 | 0 | _a332.6 |
| 100 | 1 | _aMartin L. Leibowitz, Simon Emrich, Anthony Bova | |
| 245 | 1 | 0 |
_aModern portfolio management : active long short 130/30 equity strategies (E-Book) _cMartin L. Leibowitz, Simon Emrich, Anthony Bova |
| 260 |
_aHoboken, N.J. : _bJohn Wiley & Sons, _ccop. 2009 |
||
| 300 |
_axxix, 511 p. : _bill. ; _c24 cm. |
||
| 490 | 1 | _aWiley finance | |
| 500 | _aSeries title from jacket. | ||
| 650 | 0 | _aAsset allocation. | |
| 650 | 0 | _aInvestment analysis | |
| 650 | 0 | _aInvestment analysis. | |
| 650 | 0 | _aPortfolio management | |
| 650 | 0 | _aPortfolio management. | |
| 651 | _aModern portfolio management : active long short 130/30 equity strategies (E-Book) | ||
| 700 | 1 |
_aBova, Anthony, _d1978- |
|
| 700 | 1 |
_aEmrich, Simon, _d1971- |
|
| 830 | 0 | _aWiley finance series. | |
| 942 |
_2ddc _cBK |
||
| 999 |
_c193172 _d193172 |
||